Normal view MARC view
  • KAVINO, M . JEGADEESWARI, V. AND VIJAYAKUMAR, R.M. & BALAKRISHNAN, S

Entry Personal Name

Number of records used in: 1

001 - CONTROL NUMBER

  • control field: 8888

003 - CONTROL NUMBER IDENTIFIER

  • control field: JRU

005 - DATE AND TIME OF LATEST TRANSACTION

  • control field: 20260309155404.0

008 - FIXED-LENGTH DATA ELEMENTS

  • fixed length control field: 260309|| aca||aabn | a|a d

040 ## - CATALOGING SOURCE

  • Original cataloging agency: JRU
  • Transcribing agency: JRU

100 ## - HEADING--PERSONAL NAME

  • Personal name: KAVINO, M . JEGADEESWARI, V. AND VIJAYAKUMAR, R.M. & BALAKRISHNAN, S

670 ## - SOURCE DATA FOUND

  • Source citation: Work cat.: (JRU)9067: KAVINO, M . JEGADEESWARI, V. AND VIJAYAKUMAR, R.M. & BALAKRISHNAN, S., PRODUCTION TECHNOLOGY OF FRUIT AND PLANTATION CROPS , 2019